Sports Quiz

Random Sports Quiz

Players With 215+ H/35+ HR Or SB In A Season Quiz Stats

Quiz not verified by Sporcle

Challenge
Share
Tweet
Embed
Score 0/40 Timer 03:00
0 Plays Today
Year & Team(s) Player % Correct
2014 AstrosJose Altuve
96.5%
2001 MarinersIchiro Suzuki
96.5%
1930 YankeesLou Gehrig
96.5%
1927 YankeesLou Gehrig
96.5%
2007 MarinersIchiro Suzuki
96.5%
2006 MarinersIchiro Suzuki
96.5%
2004 MarinersIchiro Suzuki
96.5%
1987 PadresTony Gwynn
94.7%
1917 TigersTy Cobb
94.7%
1912 TigersTy Cobb
94.7%
1911 TigersTy Cobb
94.7%
1909 TigersTy Cobb
94.7%
1959 BravesHank Aaron
93%
1948 CardinalsStan Musial
91.2%
1937 YankeesJoe DiMaggio
91.2%
1929 CubsRogers Hornsby
89.5%
1980 RoyalsWillie Wilson
89.5%
1922 CardinalsRogers Hornsby
89.5%
2000 RockiesTodd Helton
87.7%
1996 MarinersAlex Rodriguez
86%
Year & Team(s) Player % Correct
1974 TwinsRod Carew
86%
1985 CardinalsWillie McGee
82.5%
2007 RockiesMatt Holliday
80.7%
1932 PhilliesChuck Klein
78.9%
1930 PhilliesChuck Klein
78.9%
1929 PhilliesChuck Klein
78.9%
1912 Red SoxTris Speaker
75.4%
1996 MetsLance Johnson
73.7%
1922 BrownsGeorge Sisler
71.9%
1921 BrownsGeorge Sisler
71.9%
1920 BrownsGeorge Sisler
71.9%
1932 AthleticsAl Simmons
66.7%
1936 IndiansHal Trosky
54.4%
1912 IndiansShoeless Joe Jackson
50.9%
1911 TigersSam Crawford
50.9%
1911 IndiansShoeless Joe Jackson
50.9%
1930 DodgersBabe Herman
47.4%
1930 CubsKiki Cuyler
45.6%
1925 CubsKiki Cuyler
45.6%
1905 GiantsMike Donlin
14%

You're not logged in!

Compare scores with friends on all Sporcle quizzes.
Join for Free
OR
Log In

You Might Also Like...

Show Comments

Extras

Created Feb 18, 2017ReportNominate
Tags:200, player, season, team, total

Top Quizzes Today


Score Distribution

Your Account Isn't Verified!

In order to create a playlist on Sporcle, you need to verify the email address you used during registration. Go to your Sporcle Settings to finish the process.

Report this User

Report this user for behavior that violates our Community Guidelines.

Details: